| 000 | 01022cam a2200229 4500 | ||
|---|---|---|---|
| 001 | WB3901-24 | ||
| 008 | 021217n2002 000 0 eng u | ||
| 035 | _a(Sirsi) u120796 | ||
| 245 | _aODPM information for landlords and tenants reissued | ||
| 260 | _c2002 | ||
| 490 |
_aRICS Residential Faculty News _v 13 December 2002 (1) |
||
| 520 | _aThe Office of the Deputy Prime Minister (ODPM) has reissued several of its free information booklets on landlord and tenant issues on its website and in printed form. For the RICS Residential faculty news and links to the booklets http://www.rics.org/ricscms/bin/show?class=News&template=/includes/shownews.html&id=4433&faculty=Residential Property&faculty=All Faculties | ||
| 590 | _aWB | ||
| 650 | _aREPAIRS | ||
| 650 | _aLETTINGS | ||
| 650 | _aREGULATED TENANCIES | ||
| 650 | _aRESIDENT LANDLORDS | ||
| 650 | _aRENTING | ||
| 650 | _aPRIVATE LANDLORDS | ||
| 690 | _aPROPERTY-RESIDENTIAL PROPERTY-RESIDENTIAL LANDLORD AND TENANT-RESIDENTIAL TENANCIES | ||
| 942 | _n0 | ||
| 999 |
_c71781 _d71781 |
||